| 000 | 00361nam a22001217a 4500 | ||
|---|---|---|---|
| 008 | 180519b xxu||||| |||| 00| 0 eng d | ||
| 041 | _aeng | ||
| 080 | _a043.3 | ||
| 100 | _a0 | ||
| 101 | _aMBE-BA | ||
| 245 |
_aKujdesi ndaj Konsumatorit ne Kompanite Publike dhe Private - Dallimet dhe Ngjashmerite ne Sektorin Publik dhe Privat _cKrasniqi, Y |
||
| 942 |
_2udc _cBK |
||
| 999 |
_c46064 _d46064 |
||